Faculty of Law Library — Cairo University

Official Online Catalog

Criminal law / (Record no. 52150)

MARC details
000 -LEADER
fixed length control field 01341cac a2200373 i 4500
003 - CONTROL NUMBER IDENTIFIER
control field EG-GICUC
005 - DATE AND TIME OF LATEST TRANSACTION
control field 20260121101532.0
008 - FIXED-LENGTH DATA ELEMENTS--GENERAL INFORMATION
fixed length control field 020327s1999 caua fr 001 0 eng d
020 ## - INTERNATIONAL STANDARD BOOK NUMBER
International Standard Book Number 0534535054
020 ## - INTERNATIONAL STANDARD BOOK NUMBER
International Standard Book Number 9780534535056
040 ## - CATALOGING SOURCE
Original cataloging agency DLC
Transcribing agency DLC
Modifying agency DLC
-- EG-GICUC
Language of cataloging eng
Description conventions rda
043 ## - GEOGRAPHIC AREA CODE
Geographic area code n-us---
050 00 - LIBRARY OF CONGRESS CALL NUMBER
Classification number KF9218
Item number .S34 2003
082 00 - DEWEY DECIMAL CLASSIFICATION NUMBER
Classification number 343.1073
Edition number 21
092 04 - LOCALLY ASSIGNED DEWEY CALL NUMBER (OCLC)
Edition number 21
099 ## - LOCAL FREE-TEXT CALL NUMBER (OCLC)
Classification number Law 10 1999
100 1# - MAIN ENTRY--PERSONAL NAME
Personal name Scheb, John M.
Fuller form of name (John Malcolm),
Dates associated with a name 1926-
245 10 - TITLE STATEMENT
Title Criminal law /
Statement of responsibility, etc. John M. Scheb, John M. Scheb II.
250 ## - EDITION STATEMENT
Edition statement 3rd edition.
264 ## - PRODUCTION, PUBLICATION, DISTRIBUTION, MANUFACTURE, AND COPYRIGHT NOTICE
Place of production, publication, distribution, manufacture Belmont, CA :
Name of producer, publisher, distributor, manufacturer Thomson/Wadsworth,
Date of production, publication, distribution, manufacture, or copyright notice 1999.
300 ## - PHYSICAL DESCRIPTION
Extent xx. 748 page :
Other physical details illustrations ;
Dimensions 25 cm.
336 ## - CONTENT TYPE
Content type term text
Content type code txt
Source rdacontent
337 ## - MEDIA TYPE
Media type term unmediated
Media type code n
Source rdamedia
338 ## - CARRIER TYPE
Carrier type term volume
Carrier type code nc
Source rdacarrier
500 ## - GENERAL NOTE
General note Includes index.
650 #0 - SUBJECT ADDED ENTRY--TOPICAL TERM
Topical term or geographic name entry element Criminal law
Geographic subdivision United States.
700 1# - ADDED ENTRY--PERSONAL NAME
Personal name Scheb II, John M.,
Dates associated with a name 1955-
856 42 - ELECTRONIC LOCATION AND ACCESS
Uniform Resource Identifier <a href="https://fll.law.cu.edu.eg/fulltext/bks/B10-00076.pdf">https://fll.law.cu.edu.eg/fulltext/bks/B10-00076.pdf</a>
856 42 - ELECTRONIC LOCATION AND ACCESS
Materials specified Contributor biographical information
Uniform Resource Identifier <a href="http://www.loc.gov/catdir/enhancements/fy1515/2002066180-b.html">http://www.loc.gov/catdir/enhancements/fy1515/2002066180-b.html</a>
856 42 - ELECTRONIC LOCATION AND ACCESS
Materials specified Publisher description
Uniform Resource Identifier <a href="http://www.loc.gov/catdir/enhancements/fy1515/2002066180-d.html">http://www.loc.gov/catdir/enhancements/fy1515/2002066180-d.html</a>
856 41 - ELECTRONIC LOCATION AND ACCESS
Materials specified Table of contents only
Uniform Resource Identifier <a href="http://www.loc.gov/catdir/enhancements/fy1515/2002066180-t.html">http://www.loc.gov/catdir/enhancements/fy1515/2002066180-t.html</a>
905 ## - Cataloger and Reviser Names
Cataloger Name: Hend El khosy
942 ## - ADDED ENTRY ELEMENTS (KOHA)
Source of classification or shelving scheme Dewey Decimal Classification
Koha item type Books
Edition 21
Suppress in OPAC No
Holdings
Withdrawn status Lost status Source of classification or shelving scheme Damaged status Not for loan Collection Home library Current library Date acquired Total checkouts Full call number Barcode Date last seen Copy number Price effective from Koha item type Public note
    Dewey Decimal Classification     القانون الجنائي جــــامعة القــاهرة مكتبة كلية الحقوق - فـرع الشيخ زايد 22.12.2025   Law2 10 343.1073 SC . C 3 ed - 1999 1000076 C1 ENGB10-00076 22.12.2025 1 22.12.2025 Books 1562

© All rights reserved — Faculty of Law, Cairo University